Nomina i 10 porti commerciali più grandi del mondo - Statistics

Statistiche generali
  • Questo quiz è stato fatto 52 volte
  • Il punteggio medio è 4 su 20
Statistiche sulle risposte
Risposta % Corretto
Rotterdam
67%
Shanghai
56%
Singapore
49%
Singapore
49%
Cina
22%
Cina
22%
Cina
22%
Cina
22%
Cina
22%
Cina
22%
Paesi Bassi
16%
Australia
7%
Busan
7%
Guangzhou
7%
Qingdao
7%
Corea del Sud
4%
Ningbo
4%
Tientsin
2%
Dalian
0%
Porto Hedland
0%
Nessun quiz corrispondente trovato
Distribuzione punteggi
Percentuale di utenti per punteggio
Percentile per numero di risposta
I tuoi punteggi nel tempo
Non hai fatto questo quiz